Normal view MARC view
  • Haron Din,

Entry Personal Name

Number of records used in: 4

001 - CONTROL NUMBER

  • control field: 1838

003 - CONTROL NUMBER IDENTIFIER

  • control field: OSt

005 - DATE AND TIME OF LATEST TRANSACTION

  • control field: 20170505145610.0

008 - FIXED-LENGTH DATA ELEMENTS

  • fixed length control field: 170505|| aca||aabn | a|a d

040 ## - CATALOGING SOURCE

  • Original cataloging agency: OSt
  • Transcribing agency: OSt

100 ## - HEADING--PERSONAL NAME

  • Personal name: Haron Din,
  • Titles and other words associated with a name: Dato', Dr.,
  • Dates associated with a name: 1940-

670 ## - SOURCE DATA FOUND

  • Source citation: Work cat.: (OSt)0: Haron Din, Dato', Dr., 1940-, Manusia dan Islam /, 1988
Pusat Sumber Maklumat Dato' Haji Sarmin Md Hussin, Akademi Kastam Diraja Malaysia, Melaka
Tel: 06-2331106 | Faks: 06-2313787